000 00575nam a2200241Ia 4500
005 20260306150550.0
008 008 260114s9999 xx 000 0 eng d
020 _a9781474472784
037 _aEbook
040 _aCRL
040 _beng
040 _cCRL
041 _2eng
041 _aeng
084 _qCRL
245 0 _aWomen, Political Philosophy and Politics
260 _bEdinburgh University Press
260 _c2001
650 _aPhilosophy
856 _uhttps://www.degruyter.com/isbn/9781474472784
942 _cEBOOK
999 _c1697759
_d1697759